000 00616nam a2200205Ii 4500
003 JO-AjNU
008 230605s9999||||xx |||||||||||||| ||und||
017 _a2013/10/3624
040 _aJO-AjNU
_bara
_erda
_cJO-AjNU
041 _aara
050 1 4 _aPJ7820.V65.S34 2013
100 3 _aدودين، رفقة,
_eauthor
_951895
245 0 0 _aأهل الخطوة: رواية
264 3 1 _aعمان: وزارة الثقافة، 2013
300 _a404ص
336 _atext
_btxt
_2rdacontent
337 _aunmediated
_bn
_2rdamedia
338 _avolume
_bnc
_2rdacarrier
650 4 _aادب عربي - رواية
_951896
999 _aA22956
_c26524
_d26524